Bilecik Bilecik Bilecik Bilecik Bilecik

Civilization and its discontents/ (Record no. 37663)

MARC details
000 -BAŞLIK
Sabit Uzunluktaki Kontrol Alanı 01305nam a22003857a 4500
001 - KONTROL NUMARASI
Control Dosyası 0037809
003 - KONTROL NUMARASI KİMLİĞİ
Kontrol Alanı KOHA_MİRAKIL
005 - EN SON İŞLEM TARİHİ ve ZAMANI
Kontrol Alanı 20260207003040.0
007 - FİZİKSEL TANIM SABİT ALAN - GENEL BİLGİ
Sabit uzunluklu kontrol alanı ta
008 - SABİT UZUNLUKTAKİ VERİ ÖGELERİ - GENEL BİLGİ
Sabit Alan 120709b1989 us |||gr||||#||||0|eng |
020 ## - ISBN - ULUSLARARASI STANDART KİTAP NUMARASI
Isbn 0393301583
Nitelik bilgileri (pbk.)
040 ## - KATALOGLAMA KAYNAĞI
Özgün Kataloglama Kurumu TR-BiSEU
Kataloglama Dili tur
Çeviri Kurumu TR-BiSEU
Açıklama Kuralları rda
041 0# - DİL KODU
Metin ya da ses kaydının dil kodu eng
044 ## - YAYINLAYAN/ÜRETEN KURULUŞUN ÜLKE KODU
ISO country code us
050 ## - SINIFLAMA ve YER NUMARASI
Sınıflama Numarası BF173
Yer Numarası .F74 1989
100 1# - KİŞİ ADI
Yazar Adı (Kişi adı) Freud, Sigmund.
245 1# - ESER ADI BİLDİRİMİ
Başlık Civilization and its discontents/
Sorumluluk Bildirimi Sigmund Freud ; Sigmund Freud; translated and edited by James Strachey; with a biographical introduction by Peter Gay.
264 #1 - ÜRERİM, YAYIN, DAĞITIM ve TELİF BİLDİRİMİ
Yayın yeri New York :
Yayınlayan W.W. Norton
Yayın tarihi 1989
300 ## - FİZİKSEL TANIMLAMA
Sayfa, Cilt vb. xxiii, 127 sayfa ;
Boyutları 18 cm.
336 ## - İÇERİK TÜRÜ
Content type term metin
Content type code txt
Source rdacontent
337 ## - MEDYA TÜRÜ
Media type term aracısız
Media type code n
Source rdamedia
338 ## - TAŞIYICI TÜRÜ
Carrier type term cilt
Carrier type code nc
Source rdacarrier
490 0# - DİZİ BİLDİRİMİ
Dizi Bildirimi The International psychoanalytical library no.
490 0# - DİZİ BİLDİRİMİ
Dizi Bildirimi 17
500 ## - GENEL NOT
Genel Not "Sigmund Freud/The standard edition"--P. [4] of cover.
500 ## - GENEL NOT
Genel Not Translation of: Das Unbehagen in der Kultur.
500 ## - GENEL NOT
Genel Not Includes index.
500 ## - GENEL NOT
Genel Not Bibliography: p. [113]-118.
650 #0 - KONU BAŞLIĞI EK GİRİŞ - KONU TERİMİ
Konusal terim veya coğrafi ad Psychoanalysis and culture.
9 (RLIN) 70747
650 #0 - KONU BAŞLIĞI EK GİRİŞ - KONU TERİMİ
Konusal terim veya coğrafi ad Social psychology.
9 (RLIN) 7861
650 #0 - KONU BAŞLIĞI EK GİRİŞ - KONU TERİMİ
Konusal terim veya coğrafi ad Civilization.
9 (RLIN) 14843
830 0# - SERİ EK GİRİŞİ - TEKBİÇİM ESER ADI
Tekbiçim Başlık The International psychoanalytical library no.
9 (RLIN) 70748
830 0# - SERİ EK GİRİŞİ - TEKBİÇİM ESER ADI
Tekbiçim Başlık 17
9 (RLIN) 7095
942 ## - EK GİRİŞ ÖGELERİ (KOHA)
Source of classification or shelving scheme Library of Congress Classification
Koha item type Book
Holdings
Materyal Türü Kalıcı Konum Mevcut Konum Raf Yeri Sınıflandırma Kaynağı Edinim Bilgisi Ana Konular Alt Konular Yer Numarası Demirbaş Numarası Fatura Tarihi Maliyet, Alış Fiyatı Maliyet, Yenileme Fiyatı Geri Çekilme Durumu Kayıp Durumu Hasarlı Durumu Kredi için değil Kayıt Tarih Toplam Ödünçverme Son Görülme Tarihi Son Kontrol Tarihi Genel / Bağış Notu
Book Prof. Dr. Azmi Özcan Kütüphanesi Prof. Dr. Azmi Özcan Kütüphanesi Uluğbey Salonu Library of Congress Classification Bağış FELSEFE, PSİKOLOJİ, DİN Psikoloji BF173 .F74 1989 0037809 02/02/2026 3.00 3.00         09/07/2012   05/12/2024 05/12/2024 Genel Bağış